000
00280nam a22001337a 4500
008
170627b xxu||||| |||| 00| 0 eng d
020
_a
0822311453
041
_a
eng
080
_a
32
100
_a
21
101
_a
SHP
245
_a
SURGE TO FREDOM
_c
BROWN,J.F
942
_2
udc
_c
BK
999
_c
19149
_d
19149